000 00436nam a2200181Ia 4500
008 230524s9999 xx 000 0 und d
020 _a9789384588878
082 _bARO
100 _aAkhilesh Arora
_942942
245 0 _aWorkshop Manual
250 _a1
260 _aNew Delhi
_bI.K.International
_c2015
300 _a68p;
500 _aQuantity Number: 1
650 _aWorkshop
700 _aDeepak Tiwari
_942943
942 _cBK
999 _c57903
_d57903